000 00239nam a2200097Ia 4500
005 20251222114404.0
008 251222s1900||||xx |||||||||||||| ||spa||
082 _aDVD0092/D51/1995
245 0 _aMary of Nazareth:MarĂ­a de Nazaret
942 _cDVD
999 _c1778
_d1778